| 000 | 01782nam a2200493 i 4500 | ||
|---|---|---|---|
| 001 | 14845 | ||
| 003 | KOSZ 005 | ||
| 005 | 20191207115706.0 | ||
| 008 | 191207s1970 pl a f 001 0 pol | ||
| 015 | _aPB 1971/1572 | ||
| 035 | _a991037486199705066 | ||
| 035 | _a(PL-WaBN)b20052285-48omnis_nlop | ||
| 035 | _ab20052285 | ||
| 035 | _a(OCoLC)749200082 | ||
| 035 | _a(PL)b0000002005228 | ||
| 035 | _a(EXLNZ-48OMNIS_NETWORK)9910222128405606 | ||
| 040 |
_aWA N _cWA N _dKOSZ 005/RW |
||
| 046 | _k1970 | ||
| 080 | _a661 | ||
| 080 | _a662.6/.9 | ||
| 100 | 1 |
_aLebiedziejewski, Mirosław _eAutor |
|
| 245 | 1 | 0 |
_aWyroby z węgla i grafitu / _cMirosław Lebiedziejewski, Maria Szudek. |
| 260 |
_aWarszawa : _bWydawnictwa Naukowo-Techniczne, _c1970. |
||
| 300 |
_a419, [1] stron, [1] karta tablic : _bilustracje ; _c25 cm. |
||
| 336 |
_aTekst _btxt _2rdacontent |
||
| 337 |
_aBez urządzenia pośredniczącego _bn _2rdamedia |
||
| 338 |
_aWolumin _bnc _2rdacarrier |
||
| 380 | _aKsiążki | ||
| 380 | _aPublikacje fachowe | ||
| 380 | _aPublikacje dydaktyczne | ||
| 388 | _a1901-2000 | ||
| 504 | _aBibliografia na stronach 414-[416]. Indeks. | ||
| 521 | 8 | _aKsiążka jest przeznaczona dla techników i inżynierów różnych specjalności, mogą z niej również korzystac słuchacze wyższych uczelni technicznych. | |
| 650 | 7 |
_aGrafit _2DBN |
|
| 650 | 7 |
_aWęgiel kamienny _2DBN |
|
| 650 | 7 | _aWyroby | |
| 650 | 7 | _aTechnologia | |
| 658 | _aInżynieria i technika | ||
| 700 | 1 |
_aSzudek, Maria _eAutor |
|
| 710 | 2 |
_aWydawnictwa Naukowo-Techniczne _4pbl |
|
| 856 |
_uhttp://koha.tu.koszalin.pl/cgi-bin/koha/opac-detail.pl?biblionumber=14845 _yKatalog online BPK |
||
| 942 |
_2UKD _cKS |
||
| 999 |
_c14845 _d14845 |
||